00968nam a2200253 a 450000100100000000500170001000800410002702000150006804000250008308200200010810000460012824500880017426000530026230000210031549000120033650000730034850400410042165000430046265000380050583000210054304900090056495201240057399900170069700002319820200930022043.0101130s1982 ve a r 000 0 spa d a9681612280 aDO-SdBNPbspacBNPHU a307.1412bS165p1 aSalinas de Gortari, Carlos,d1948-94775210aProducción y participación política en el campo /cCarlos Salinas de Gortari. aMéxico :bFondo de Cultura Económica,c1982. a408 p. ;c17 cm.1 aSepv35 aIncluye referencias bibliográfica y notas al pie de las páginas. aIncluye bibliografía (p. 396-397). 4aPolítica agrícolaxMéxico947753 4aDesarrollo ruralxMéxico947754 0aSep ;v35917009 aBNGR 001054708MOaGRbGRcCTd2010-11-30iLF1l0o307.1412 S165pp23198-10r2020-06-25w2020-06-25y4ZPréstamo en sala c22695d22695